000 00465nam a2200169Ia 4500
008 090711s9999 xx 000 0 und d
082 _b604
100 _aदेशपांडे पु. ल.
245 _aदाद
260 _bमौज प्रकाशन
_c2000
300 _a198
600 _aदेशपांडे पु. ल.
630 _aदाद
700 _aदेशपांडे पु. ल.
730 _aदाद
942 _cBOOK
999 _c337601
_d337601